000 00358nam a2200169Ia 4500
100 _aCoulouris/G
650 _aDistributed systems
250 _a4
942 _cBK
366 _f5
245 _aDistributed systems:Concepts and design
260 _bPearson Education
_c2009
082 _a4.6
_bCOU
300 _a849
546 _aENGLISH
999 _c30010
_d30010